<The> future of productivity

Enregistré dans:
Détails bibliographiques
Format: Livre
Langue:anglais
Publié: Paris OECD 2015
Sujets:
Tags: Ajouter un tag
Pas de tags, Soyez le premier à ajouter un tag!

MARC

LEADER 00000nam a2200000 4500
001 0214367
005 20240314122940.6
020 |a 978-92-64-24852-6 
041 0 |a eng 
044 |a FR 
245 1 0 |a <The> future of productivity 
264 1 |a Paris  |b OECD  |c 2015 
300 |a 118 s. 
610 2 0 |a produktivita 
610 2 0 |a vývoj 
610 2 0 |a prognózy 
610 2 0 |a globalizácia 
610 2 0 |a firmy 
610 2 0 |a kapitál ľudský 
610 2 0 |a politika verejná 
610 2 0 |a porovnanie štatistické medzinárodné